000 00450nam a2200181 a 4500
001 1777027203574
003 YourLibrary
005 20260424161208.0
008 260424s2009##################000#0#eng##
020 _a9780300143232
082 0 4 _a344.7304196KOR
100 1 _aKorobkin, Russell,
_eauthor.
245 1 0 _aStem Cell Century :
260 _c2009.
650 0 _aStem cells.
942 _cENGLISH
040 _aYourLibrary
_beng
_cYourLibrary
999 _c619862
_d619862